000 00535nam a2200205Ia 4500
005 20250508153300.0
008 008 250505s9999 xx 000 0 hin d
037 _aTextBook
040 _aFEDL
_beng
_cFEDL
041 _ahin
_2eng
084 _a370, SHA
_qFEDL
100 _aSharma Chandrica Prasad
_9763611
245 0 _aShiksha shastra
260 _aLucknow, India
_bMalvya Prakashan
_c1962
300 _a499p
365 _aINR
_b5.9
650 _aEducation
942 _cTB
_h370, SHA
999 _c1341720
_d1341720